书目信息 |
| 题名: |
智慧教育环境下的微课设计与制作
|
|
| 作者: | 彭苇 著 | |
| 分册: | ||
| 出版信息: | 沈阳 辽海出版社 2020.01 |
|
| 页数: | 240页 | |
| 开本: | 24cm | |
| 丛书名: | ||
| 单 册: | ||
| 中图分类: | G436 | |
| 科图分类: | ||
| 主题词: | 多媒体课件--duo mei ti ke jian--制作 | |
| 电子资源: | ||
| ISBN: | 978-7-5451-5059-9 | |
| 000 | 00891nam0 2200229 450 | |
| 001 | 0109110120 | |
| 005 | 20201109110335.0 | |
| 010 | @a978-7-5451-5059-9@dCNY60.00 | |
| 100 | @a20200408d2020 em y0chiy50 ea | |
| 101 | 0 | @achi |
| 102 | @aCN@b210000 | |
| 105 | @aa z 000yy | |
| 106 | @ar | |
| 200 | 1 | @a智慧教育环境下的微课设计与制作@Azhi hui jiao yu huan jing xia de wei ke she ji yu zhi zuo@f彭苇著 |
| 210 | @a沈阳@c辽海出版社@d2020.01 | |
| 215 | @a240页@c图@d24cm | |
| 330 | @a本书分为8章,包括:微课简介、微课设计基础、微课制作基础、微课PPT课件制作、微课教学视频制作、拍摄型微课的设计与制作、录屏型微课的设计与制作等,以智慧教育环境下的微课制作过程为主线,注重教学设计与微课制作技术的有机结合。 | |
| 606 | 0 | @a多媒体课件@Aduo mei ti ke jian@x制作 |
| 690 | @aG436@v5 | |
| 701 | 0 | @a彭苇@Apeng wei@f(1982- )@4著 |
| 801 | 0 | @aCN@bBJSZM@c20201103 |
| 905 | @b1267305-8@dG436@e210@f4 | |
| 智慧教育环境下的微课设计与制作/彭苇著.-沈阳:辽海出版社,2020.01 |
| 240页:图;24cm |
| ISBN 978-7-5451-5059-9:CNY60.00 |
| 本书分为8章,包括:微课简介、微课设计基础、微课制作基础、微课PPT课件制作、微课教学视频制作、拍摄型微课的设计与制作、录屏型微课的设计与制作等,以智慧教育环境下的微课制作过程为主线,注重教学设计与微课制作技术的有机结合。 |
| ● |
| 相关链接 |
|
|
|
|
正题名:智慧教育环境下的微课设计与制作
索取号:G436/210
 
预约/预借
| 序号 | 登录号 | 条形码 | 馆藏地/架位号 | 状态 | 备注 |
| 1 | 1267305 | 212673052 | 教育系资料室/ [索取号:G436/210] | 在馆 | |
| 2 | 1267306 | 212673061 | 教育系资料室/ [索取号:G436/210] | 在馆 | |
| 3 | 1267307 | 212673070 | 教育系资料室/ [索取号:G436/210] | 在馆 | |
| 4 | 1267308 | 212673089 | 第四借阅区/ [索取号:G436/210] | 在馆 | |
| 5 | 1290466 | 212904669 | 第一样本阅览室/ [索取号:G436/210] | 在馆 | |
| 6 | 1290467 | 212904678 | 第四借阅区/ [索取号:G436/210] | 在馆 | |
| 7 | 1290468 | 212904687 | 第四借阅区/ [索取号:G436/210] | 在馆 | |
| 8 | 1290469 | 212904696 | 第四借阅区/ [索取号:G436/210] | 在馆 |